01250nam a2200325 a 4500003000900000005001700009008004100026040001300067100003200080245011100112250001200223260003800235300001600273500026200289650002600551650002400577650002800601650002100629650002000650650002800670650003100698650002200729650002200751650002500773650002800798650002400826653002200850653002400872700002800896AR-BaBNM20251128210407.0082120s2002 ||||||||||||||000 | spa|| cAR-BaBNM1 aHaeussler, Isabel Margarita00aManual de estimulación del niño preescolarbguía para padres y educadores de niños de 2 a 6 años a6ª ed. aBuenos AiresbNuevo Extremoc1994 a267 p.bil. aEste libro ha sido preparado a solicitud del Fondo de las Naciones Unidas para la infancia {Unicef} para Argentina, Chile y Uruguay, con financiamiento del Proyecto Urbano Marginal que se está desarrollando en Argentina por intermedio del Ministerio de Ac 4aESTIMULACION TEMPRANA 4aDESARROLLO AFECTIVO 4aDESARROLLO COGNOSCITIVO 4aDESARROLLO MOTOR 4aPSICOMOTRICIDAD 4aDESARROLLO DEL LENGUAJE 4aACTIVIDADES DE APRENDIZAJE 4aJUEGOS EDUCATIVOS 4aJUEGOS INFANTILES 4aEDUCACION DEL NIÑO 4aEDUCACION DE LOS PADRES 4aPAPEL DE LOS PADRES aEDUCACION INICIAL aJARDINES MATERNALES1 aRodríguez S., Soledad